00699nam a2200205 a 450000100060000000300090000600800410001502000150005604000280007108200120009910000200011124500170013125000120014826000280016030000090018850502440019765000230044165000160046465000130048023022CO-ViMGA141112s2004 ck r 000 u spa d a8434222639 aCO-ViMGAbspacCO-ViMGA04a741 L891 aAraujo, Jesùs10aLuz y sombra a2da Ed. aColombia : bParramòn a95p. aReferentes historicos, La perfecion del renacimiento, La pintura en el siglo xx, Conceptos de luz y sombra, Sombras y direccion de la luz, Luz y sombra en el dibujo, Tecnica y practica, Los medios en el dibujo, Brillos y realces con blanco14aDIBUJO - TECNICAS 14aPERSPECTIVA14aSOMBRAS